[Event "Tabor op"]
[Site "Tabor"]
[Date "2013.08.04"]
[Round "9"]
[White "Sindelka, Vladimir"]
[Black "Lezakova, Dana"]
[Result "1-0"]
[WhiteElo "1586"]
[BlackElo "1450"]
[PlyCount "57"]
[EventDate "2013.07.28"]
[EventType "swiss"]
[EventRounds "9"]
[EventCountry "CZE"]
[SourceTitle "CBM 155 Extra"]
[Source "ChessBase"]
[SourceDate "2013.08.26"]
[SourceVersion "1"]
[SourceVersionDate "2013.08.26"]
[SourceQuality "1"]

1. e4 e5 2. Nc3 Nc6 3. f4 d6 4. Nf3 Bg4 5. Bb5 Be7 6. Bxc6+ bxc6 7. 0-0 Nf6 8. d3 0-0 9. h3 Bh5 10. Qd2 Bxf3 11. Rxf3 Nh5 12. fxe5 dxe5 13. Ne2 Bh4 14. Qc3 Qd6 15. Be3 Rfe8 16. Raf1 f6 17. g4 Nf4 18. Nxf4 exf4 19. Bxf4 Qd7 20. b3 Rf8 21. Qc4+ Kh8 22. Kg2 Rf7 23. Be3 Qe8 24. Rf5 Rd8 25. Rh5 g5 26. Bxg5 Bxg5 27. Rxg5 fxg5 28. Qxf7 Qxf7 29. Rxf7 1-0

[Event "Tabor op"]
[Site "Tabor"]
[Date "2013.08.03"]
[Round "8"]
[White "Lezakova, Dana"]
[Black "Pribyl, Viktor"]
[Result "0-1"]
[WhiteElo "1450"]
[BlackElo "1429"]
[PlyCount "72"]
[EventDate "2013.07.28"]
[EventType "swiss"]
[EventRounds "9"]
[EventCountry "CZE"]
[SourceTitle "CBM 155 Extra"]
[Source "ChessBase"]
[SourceDate "2013.08.26"]
[SourceVersion "1"]
[SourceVersionDate "2013.08.26"]
[SourceQuality "1"]

1. e4 c5 2. Nf3 d6 3. h3 a6 4. Nc3 Nc6 5. Bc4 Nf6 6. 0-0 e6 7. d4 cxd4 8. Nxd4 Be7 9. Bg5 0-0 10. Re1 Qc7 11. Nxc6 bxc6 12. Qf3 h6 13. Bh4 Rb8 14. b3 Qa5 15. Re3 Re8 16. Rae1 Nd7 17. Bxe7 Rxe7 18. Qg3 Ne5 19. Be2 Rd7 20. f4 Ng6 21. e5 d5 22. Rf3 Ne7 23. Ref1 Nf5 24. Qg4 Nd4 25. Rg3 Nf5 26. Rd3 Qc5+ 27. Kh2 Ne3 28. Rxe3 Qxe3 29. Rf3 Qc5 30. Rg3 Qf8 31. Bd3 a5 32. f5 exf5 33. Bxf5 Re7 34. Bxc8 Rxc8 35. Re3 Rce8 36. Qf5 d4 0-1

[Event "Tabor op"]
[Site "Tabor"]
[Date "2013.07.31"]
[Round "5"]
[White "Lezakova, Dana"]
[Black "Rychtecky, Pavel"]
[Result "0-1"]
[WhiteElo "1450"]
[BlackElo "1741"]
[PlyCount "76"]
[EventDate "2013.07.28"]
[EventType "swiss"]
[EventRounds "9"]
[EventCountry "CZE"]
[SourceTitle "CBM 155 Extra"]
[Source "ChessBase"]
[SourceDate "2013.08.26"]
[SourceVersion "1"]
[SourceVersionDate "2013.08.26"]
[SourceQuality "1"]

1. e4 c5 2. Nc3 Nc6 3. Nf3 d6 4. Be2 Nf6 5. 0-0 e6 6. d4 cxd4 7. Nxd4 Be7 8. Bb5 Bd7 9. Re1 0-0 10. Nf3 a6 11. Bc4 h6 12. e5 dxe5 13. Nxe5 Nxe5 14. Rxe5 Qc7 15. Qe2 Bd6 16. Bf4 Rac8 17. Bd3 Bc6 18. Re1 Rfe8 19. Qe3 Ng4 20. Qg3 Nxe5 21. Bxe5 Bxe5 22. Rxe5 Kf8 23. Qe3 Qd7 24. Rh5 b5 25. h3 f5 26. Ne2 Qf7 27. Rh4 Qf6 28. Rh5 Qg6 29. Nf4 Qf6 30. g4 g5 31. Ng2 f4 32. Qc5+ Kg7 33. Qa7+ Re7 34. Qxa6 Rec7 35. Qb6 Qe5 36. c3 Qd5 37. f3 Qxd3 38. Ne1 Qe3+ 0-1

[Event "Tabor op"]
[Site "Tabor"]
[Date "2013.07.29"]
[Round "2"]
[White "Zilavy, Jan"]
[Black "Lezakova, Dana"]
[Result "1/2-1/2"]
[WhiteElo "1774"]
[BlackElo "1450"]
[PlyCount "45"]
[EventDate "2013.07.28"]
[EventType "swiss"]
[EventRounds "9"]
[EventCountry "CZE"]
[SourceTitle "CBM 155 Extra"]
[Source "ChessBase"]
[SourceDate "2013.08.26"]
[SourceVersion "1"]
[SourceVersionDate "2013.08.26"]
[SourceQuality "1"]

1. e4 e5 2. Nc3 Nc6 3. Bc4 Nf6 4. d3 Be7 5. f4 d6 6. Nf3 0-0 7. 0-0 Be6 8. Bxe6 fxe6 9. fxe5 dxe5 10. Bg5 h6 11. Bh4 Ng4 12. Bxe7 Qxe7 13. Qd2 Qc5+ 14. Kh1 Rf7 15. h3 Nf6 16. Qf2 Qb4 17. Rab1 Raf8 18. a3 Qe7 19. Qh4 a6 20. Nd2 Qe8 21. Rbc1 Nd4 22. Nc4 Nd7 23. Rxf7 1/2-1/2